Teoría elemental de estructuras / (Record no. 133980)
[ view plain ]
| 000 -LEADER | |
|---|---|
| campo de control de longitud fija | 00809nam a2200229 i 4500 |
| 001 - NÚMERO DE CONTROL | |
| campo de control | 133980 |
| 003 - IDENTIFICADOR DE NÚMERO DE CONTROL | |
| campo de control | ES-MaACL |
| 005 - FECHA Y HORA DE LA ÚLTIMA TRANSACCIÓN | |
| campo de control | 20250902220829.0 |
| 007 - CAMPO FIJO DE DESCRIPCIÓN FÍSICA--INFORMACIÓN GENERAL | |
| campo de control de longitud fija | t| |
| 008 - DATOS DE LONGITUD FIJA--INFORMACIÓN GENERAL | |
| campo de control de longitud fija | 070904s1963 sp ||||1| spa d |
| 080 ## - NÚMERO DE LA CLASIFICACIÓN DECIMAL UNIVERSAL | |
| Número de la Clasificación Decimal Universal | 624.0(075.8) |
| 100 1# - ENTRADA PRINCIPAL--NOMBRE DE PERSONA | |
| Nombre de persona | Wang, Chu-kia. |
| 9 (RLIN) | 116043 |
| 245 10 - MENCIÓN DEL TÍTULO | |
| Título | Teoría elemental de estructuras / |
| Mención de responsabilidad, etc. | Chu-kia Wang..., Clarence Lewis Eckel... ; traducido por Gregorio Escribano Tejedor... ; revisado por Pedro Giménez Montoya... |
| 260 ## - PUBLICACIÓN, DISTRIBUCIÓN, ETC. | |
| Lugar de publicación, distribución, etc. | Madrid : |
| Nombre del editor, distribuidor, etc. | Castillo, |
| Fecha de publicación, distribución, etc. | 1963. |
| 300 ## - DESCRIPCIÓN FÍSICA | |
| Extensión | X, 429 p. : |
| Otras características físicas | il. ; |
| Dimensiones | 23 cm. |
| 650 #7 - PUNTO DE ACCESO ADICIONAL DE MATERIA--TÉRMINO DE MATERIA | |
| Término de materia o nombre geográfico como elemento de entrada | Estructuras (Construcción) |
| Fuente del encabezamiento o término | embne |
| 9 (RLIN) | 136283 |
| 700 1# - ENTRADA AGREGADA--NOMBRE PERSONAL | |
| Nombre de persona | Eckel, Clarence Lewis. |
| 9 (RLIN) | 46600 |
| 700 1# - ENTRADA AGREGADA--NOMBRE PERSONAL | |
| Nombre de persona | Escribano Tejedor, Gregorio. |
| 9 (RLIN) | 47642 |
| 700 1# - ENTRADA AGREGADA--NOMBRE PERSONAL | |
| Nombre de persona | Jiménez Montoya, P. |
| 9 (RLIN) | 66567 |
| 852 ## - LOCALIZACIÓN | |
| Ubicación | ES-MaACL |
| Número de control de estantería | C-24599 |
| Sublocalización o colección | R.53431 |
| Estatus retirado | Estado de pérdida | Estado de daño | No para préstamo | Biblioteca de origen | Biblioteca actual | Ubicación en estantería | Fecha de adquisición | Fuente de adquisición | Total de préstamos | Signatura topográfica completa | Código de barras | Visto por última vez | Precio de reemplazo | Tipo de ítem Koha |
|---|---|---|---|---|---|---|---|---|---|---|---|---|---|---|
| Biblioteca del Ateneo de Madrid | Biblioteca del Ateneo de Madrid | Depósito 2 | 17/01/2008 | C-24599 | 1139464 | 23/02/2023 | 23/02/2023 | Libro impreso |
